000 00876cab a22002535a 4500
001 L159991
008 150113e2016 xxk 000 0 eng d
035 _a(Sirsi) u159991
041 0 _aeng
050 _a333.3307 $2 18
100 1 _aCraig, Ewan
245 0 0 _aFire safety
_h[electronic resource]
260 _aLondon
_bRICS
_c2016
490 _aRICS Building Surveying Journal
_vOctober 2016 - November 2016, 26(1)
520 _aFire safety is an optional competency for building surveying.
650 2 4 _aABOUT RICS
650 2 4 _aCOMPETENCIES
650 2 4 _aAPC
_96216
650 2 4 _aCAREERS, EDUCATION AND TRAINING-QUALIFICATION ROUTES-ASSESSMENT OF PROFESSIONAL COMPETENCE
650 2 4 _aCAREER
690 _aBuilding surveying
_96225
856 4 0 _uhttps://issuu.com/ricsmodus/docs/bsj___bcj_oct_nov_2016_interactive
_yAvailable free online via Issuu
942 _n0
999 _c85108
_d85108